Central Library OPAC University of Rajshahi

Race as news / (Record no. 34938)

MARC details
000 -LEADER
fixed length control field 00820nam a2200277 a 4500
001 - CONTROL NUMBER
control field 34938
003 - CONTROL NUMBER IDENTIFIER
rucl marc code BD-RjUL
005 - DATE AND TIME OF LATEST TRANSACTION
control field 20211209052232.0
008 - FIXED-LENGTH DATA ELEMENTS--GENERAL INFORMATION
fixed length control field 140520s1974 fr a bs i000 0 eng
020 ## - INTERNATIONAL STANDARD BOOK NUMBER
International Standard Book Number 923101191X
035 ## - SYSTEM CONTROL NUMBER
System control number (BD-RjUL)35032
System control number (BD-RjUL)
040 ## - CATALOGING SOURCE
Original cataloging agency LC
Language of cataloging eng
Transcribing agency LC
Modifying agency XNTU
-- BD-RjUL
041 ## - LANGUAGE CODE
Language code of text/sound track or separate title eng
082 04 - DEWEY DECIMAL CLASSIFICATION NUMBER
Classification number 302.234
Edition number 19
Author mark and year UNR 1974
245 10 - TITLE STATEMENT
Title Race as news /
Statement of responsibility, etc. Introduction by D. Halloran
260 ## - PUBLICATION, DISTRIBUTION, ETC. (IMPRINT)
Place of publication, distribution, etc. Paris :
Name of publisher, distributor, etc. Unesco Press,
Date of publication, distribution, etc. 1974.
300 ## - PHYSICAL DESCRIPTION
Pagination 173 p. :
Illustrations ill. ;
Size 25 cm.
504 ## - BIBLIOGRAPHY, ETC. NOTE
Bibliography, etc Includes bibliographical references.
650 #0 - SUBJECT ADDED ENTRY--TOPICAL TERM
Topical term or geographic name as entry element Mass media and race relations.
9 (RLIN) 106354
Topical term or geographic name as entry element Mass media and race relations
Geographic subdivision Great Britain.
9 (RLIN) 53875
700 1# - ADDED ENTRY--PERSONAL NAME
Personal name Klineberg, Otto,
Dates associated with a name 1899-
710 2# - ADDED ENTRY--CORPORATE NAME
Corporate name or jurisdiction name as entry element Unesco.
9 (RLIN) 106356
942 ## - ADDED ENTRY ELEMENTS (KOHA)
Source of classification or shelving scheme Dewey Decimal Classification
Koha item type Books
Holdings
Lost status Source of classification or shelving scheme Damaged status Not for loan Collection code Permanent Location Current Location Shelving location Date acquired Source of acquisition Cost, normal purchase price Total Checkouts Full call number Date last seen Copy number Koha item type
  Dewey Decimal Classification     Non-fiction Central Library, University of Rajshahi Central Library, University of Rajshahi   09/06/1982 Unesco 0.00   302.234 UNR 1974 20/05/2014 C-2 Books
  Dewey Decimal Classification   Not For Loan Non-fiction Central Library, University of Rajshahi Central Library, University of Rajshahi Reading Room 04/12/1981 UNESCO, Gift.     302.234 UNR 1974 20/05/2014 C-1 Books